Statistiques concernant Villes françaises avec le plus de gratte-ciels

Cliquez ici pour prendre le quiz!

Statistiques générales

  • Ce quiz a été pris 359 fois
  • Le résultat moyen est 8 sur 16

Statistiques - réponses

Gratte-cielsVille française% Correct
26Paris
100%
3Lyon
98%
2Marseille
98%
2Lille
88%
1 Nantes
79%
35La Défense
62%
1Saint-Denis
55%
3Nanterre
54%
1Boulogne-Billancourt
38%
1Courbevoie
33%
1Puteaux
31%
1Amiens
19%
2Issy-les-Moulineaux
18%
1Mulhouse
17%
1Aubervilliers
16%
3Bagnolet
8%

Distribution des résultats

Percentile par nombre de réponses

% des personnes avec chaque résultat

Votre développement - résultats

Vous n’avez pas pris ce quiz